|
|
|
|
| LEADER |
02280nam a2200553 i 4500 |
| 001 |
nkc20152708617 |
| 003 |
CZ PrNK |
| 005 |
20241209150441.0 |
| 007 |
ta |
| 008 |
150619s2015 xr ab f 000 0 cze |
| 015 |
|
|
|a cnb002708617
|
| 020 |
|
|
|a 978-80-260-8309-2
|q (brožováno) :
|c Kč 390,00
|
| 035 |
|
|
|a (OCoLC)928738216
|
| 040 |
|
|
|a BOA001
|b cze
|d ABA001
|e rda
|
| 072 |
|
7 |
|a 656.6/.7
|x Vodní a letecká doprava
|2 Konspekt
|9 4
|
| 080 |
|
|
|a 656.7
|2 MRF
|
| 080 |
|
|
|a 656.07
|2 MRF
|
| 080 |
|
|
|a (048.8:082)
|2 MRF
|
| 100 |
1 |
|
|a Pruša, Jiří
|7 mzk2002160624
|4 aut
|
| 245 |
1 |
0 |
|a Svět letecké dopravy /
|c Jiří Pruša a autorský kolektiv Martin Brandýský, Luboš Hlinovský, Jiří Horník, Michal Pazourek, František Slabý, Marek Třešňák, Jiří Žežula
|
| 250 |
|
|
|a II., rozšířené vydání
|
| 264 |
|
1 |
|a Praha :
|b Galileo Training s.r.o.,
|c 2015
|
| 300 |
|
|
|a 647 stran :
|b barevné ilustrace, mapy ;
|c 24 cm
|
| 336 |
|
|
|a text
|b txt
|2 rdacontent
|
| 337 |
|
|
|a bez média
|b n
|2 rdamedia
|
| 338 |
|
|
|a svazek
|b nc
|2 rdacarrier
|
| 500 |
|
|
|a Pod názvem: www.flying-revue.cz
|
| 500 |
|
|
|a Terminologický slovník
|
| 504 |
|
|
|a Obsahuje bibliografii
|
| 650 |
0 |
7 |
|a letecká doprava
|7 ph115126
|2 czenas
|
| 650 |
0 |
7 |
|a dopravní management
|7 ph138659
|2 czenas
|
| 650 |
0 |
9 |
|a air transportation
|2 eczenas
|
| 650 |
0 |
9 |
|a transportation management
|2 eczenas
|
| 655 |
|
7 |
|a kolektivní monografie
|7 fd501537
|2 czenas
|
| 655 |
|
9 |
|a collective monographs
|2 eczenas
|
| 700 |
1 |
|
|a Brandýský, Martin
|7 mzk2015887194
|4 aut
|
| 700 |
1 |
|
|a Hlinovský, Luboš
|7 mzk2015870953
|4 aut
|
| 700 |
1 |
|
|a Horník, Jiří
|7 mzk2015887199
|4 aut
|
| 700 |
1 |
|
|a Pazourek, Michal
|7 mzk2015887206
|4 aut
|
| 700 |
1 |
|
|a Slabý, František
|7 mzk2015887208
|4 aut
|
| 700 |
1 |
|
|a Třešňák, Marek
|7 mzk2015887209
|4 aut
|
| 700 |
1 |
|
|a Žežula, Jiří
|7 mzk2015887212
|4 aut
|
| 910 |
2 |
|
|a BOA001
|b 2-1354.222
|
| 990 |
|
|
|a BK
|
| 995 |
|
|
|a 01
|
| 991 |
|
|
|b 201510
|c NOV
|e n
|
| 996 |
6 |
|
|b 2610644819
|c 2-1354.222
|l MZK
|r Sklad / do 1 hodiny
|n 13
|p p.v.
|w 001524795
|u 000010
|a 1
|e BOA001
|j MZK50
|s P
|
| 996 |
6 |
|
|b 2610648046
|c 2-1354.222
|l MZK
|r STM 6p
|n 0
|p kup
|h 656 PRU
|w 001524795
|u 000020
|a 0
|e BOA001
|j MZK50
|s P
|
| 996 |
7 |
|
|b 2610648047
|c 2-1354.222
|l Vol.výběr
|r VV 1p
|n 33
|p kup
|h 656 PRU
|w 001524795
|u 000030
|a 0
|e BOA001
|j MZK50
|s A
|